| 000 | 00758nam a22002297a 4500 | ||
|---|---|---|---|
| 999 |
_c5585 _d5585 |
||
| 003 | AR-CdUCM | ||
| 008 | 190312b ||||| |||| 00| 0 spa d | ||
| 040 |
_aMUNICIPALIDAD PROVINCIAL DEL CUSCO _cBIBLIOTECA MUNICIPAL DEL CUSCO |
||
| 082 |
_a985.009 / _bH93 |
||
| 245 |
_aA. de Humboldt; Enrique Meiggs / _bEstuardo Nuñez |
||
| 260 |
_aLima : _bUniversitaria, _c1966. |
||
| 300 |
_a106 páginas ; _c19 cm. |
||
| 440 |
_aBiblioteca hombres del Perú _n : XXXIV _916714 |
||
| 500 | _aDonación de la familia Nieto. | ||
| 650 |
_aBiografías _9148 |
||
| 650 |
_aA. de Humboldt _916715 |
||
| 650 |
_aEnrique Meiggs _916716 |
||
| 650 |
_a Hombres del Perú - Biografías _92160 |
||
| 700 |
_aNuñez, Estuardo _92660 |
||
| 942 |
_2ddc _cLIBROS |
||
| 945 | _alccs | ||